| 000 | 00487nam a22001457a 4500 | ||
|---|---|---|---|
| 082 | _a004 | ||
| 100 | _aKhan, Subas | ||
| 245 |
_aA Corporate Level Novel Methods of Decentralized Authentication for Secure Cloud Data Sharing / _cSubas Khan |
||
| 260 |
_aIslamabad : _bMCS - NUST, _c2017. |
||
| 300 |
_a52 p. ; _c30cm. |
||
| 650 |
_aInformation Security-MS-Thesis _916348 |
||
| 700 |
_aDr. Imran Rashid _935026 |
||
| 942 |
_2ddc _cTHE |
||
| 999 |
_c541035 _d541035 |
||